书目信息 |
| 题名: |
矩阵特征值问题
|
|
| 作者: | 曹志浩 编著 | |
| 分册: | ||
| 出版信息: | 上海 上海科学技术出版社 1980 |
|
| 页数: | 251页 | |
| 开本: | 19cm | |
| 丛书名: | 计算数学丛书 | |
| 单 册: | ||
| 中图分类: | O241.6 | |
| 科图分类: | ||
| 主题词: | 矩阵-特征值 , 特征值-矩阵 | |
| 电子资源: | ||
| ISBN: | ||
| 000 | 00729nam2 2200277 45 | |
| 001 | 0180005565 | |
| 005 | 20040520101920.0 | |
| 010 | @dCNY0.77 | |
| 091 | @a13119.886 | |
| 100 | @a19950703d1980 em y0chiy0121 ea | |
| 101 | 0 | @achi |
| 102 | @aCN@b310000 | |
| 105 | @ay z 000yy | |
| 106 | @ar | |
| 200 | 10 | @a矩阵特征值问题@Aju zhen te zheng zhi wen ti@f曹志浩编著 |
| 210 | @a上海@c上海科学技术出版社@d1980 | |
| 215 | @a251页@d19cm | |
| 225 | 2 | @a计算数学丛书 |
| 410 | 0 | @120010@a计算数学丛书 |
| 606 | @a矩阵-特征值 | |
| 606 | @a特征值-矩阵 | |
| 690 | @aO241.6@v3 | |
| 701 | 0 | @a曹志浩@Acao zhi hao@4编著 |
| 801 | 0 | @aCN@b上海图书馆@c20040520 |
| 801 | 2 | @aCN@bNLC@c20040520 |
| 905 | @f2@b102485-486@dO241.6@e22 | |
| 矩阵特征值问题/曹志浩编著.-上海:上海科学技术出版社,1980 |
| 251页;19cm.-(计算数学丛书) |
| ISBN :CNY0.77 |
| ● |
| 相关链接 |
|
|
|
|
正题名:矩阵特征值问题
索取号:O241.6/22
 
预约/预借
| 序号 | 登录号 | 条形码 | 馆藏地/架位号 | 状态 | 备注 |
| 1 | 0102485 | 001443227 | 第三借阅区/ [索取号:O241.6/22] | 在馆 | |
| 2 | 0102486 | 001443183 | 第三借阅区/ [索取号:O241.6/22] | 在馆 | |
| 3 | 0102487 | 202449289 | 第二样本阅览室/ [索取号:O241.6/22] | 在馆 |